000 01041nam a22002297a 4500
003 0
005 20251105093309.0
008 251105b xxu||||| |||| 00| 0 eng d
020 _a978-1-68412-290-5
050 _aPG 3326
_b.D673 2018
100 _aDostoyevsky, Fyodor,
_d1821–1881,
_eauthor.
245 _aCrime and punishment /
_cFyodor Dostoyevsky ; translated by Constance Garnett.
260 _aSan Diego, CA :
_bWord Cloud Classics,
_c2018.
300 _a517 pages ;
_c20 cm.
500 _aIncludes translator's preface and epilogue.
520 _aA psychological novel that explores the moral dilemmas of Rodion Raskolnikov, a destitute student in St. Petersburg who commits a murder in pursuit of a theory that some people have the right to take lives for a greater purpose. The story follows his inner torment, guilt, and ultimate search for redemption.
650 _aMurder
_vFiction.
650 _aCriminals
_vFiction.
650 _aPsychological fiction.
700 _aConstance Garnett,
_etranslator.
942 _2lcc
_cBK
999 _c368465
_d368465